LEADER 00963nam0-22003011i-450- 001 990004075290403321 005 20080515100108.0 035 $a000407529 035 $aFED01000407529 035 $a(Aleph)000407529FED01 035 $a000407529 100 $a19990604d1988----km-y0itay50------ba 101 0 $aeng 105 $ay-------00-y- 200 1 $aAvicenna and the aristotelian tradition$eintroduction to reading Avicenna's philosophical works$fby Dimitri Gutas 210 $aLeiden$cE.J. Brill$d1988 215 $aXII, 341 p.$d25 cm 225 1 $aIslamic philosophy and theology$eText and Studies$v4 610 0 $aAvicenna$aRiferimenti alla tradizione aristotelica 676 $a297.2 700 1$aGutas,$bDimitri$0157239 801 0$aIT$bUNINA$gRICA$2UNIMARC 901 $aBK 912 $a990004075290403321 952 $a297.2 DIM 1$bBIBL. 4338$fFLFBC 959 $aFLFBC 996 $aAvicenna and the Aristotelian tradition$925604 997 $aUNINA LEADER 00884nam a2200229 i 4500 001 991001471019707536 008 111110s2008 it 000 0 ita d 020 $a9788889533253 035 $ab14019747-39ule_inst 040 $aSet. Economia - SAGA$bita 082 04$a332.092 100 1 $aStefanoni, Franco$0253371 245 13$aIl finanziere di Dio :$bil caso Roveraro : gli affari e l'Opus Dei : l'intrigo e il mistero : la truffa e l'omicidio /$cFranco Stefanoni 260 $aMilano :$bMelampo,$c2008 300 $a209 p ;$c21 cm 600 14$aRoveraro, Gianmaria 907 $a.b14019747$b03-05-12$c10-11-11 912 $a991001471019707536 945 $aLE025 ECO NARR 332 STE01.01$g1$i2025000247536$lle025$o-$pE16.00$q-$rl$s- $t0$u3$v0$w3$x0$y.i15403427$z23-04-12 996 $aFinanziere di Dio$9243064 997 $aUNISALENTO 998 $ale025$b10-11-11$cm$da $e-$fita$git $h3$i0